000 00286nam a22000977a 4500
005 20250901165549.0
008 211005b |||||||| |||| 00| 0 eng d
050 _aHF5657.4 .G37 2008
245 _aManagerial accounting
_cGARRISON, RAY H.
942 _2lcc
_hHF5657.4 .G37 2008
999 _c5911
_d5911